| 000 | 00500nam a2200169 i 4500 | ||
|---|---|---|---|
| 001 | 102025 | ||
| 003 | ES-MaACL | ||
| 005 | 20230906183030.0 | ||
| 007 | t| | ||
| 008 | 051031s1973 sp ||||1| spa d | ||
| 100 | 1 |
_aMendiola, José María. _980195 |
|
| 245 | 1 | 0 |
_aCon un ratón en la mano _b: / _cJosé María Mendiola. |
| 260 |
_aBilbao : _bLa Gran Enciclopedia Vasca, _c1973. |
||
| 300 |
_a209 p. ; _c23 cm. |
||
| 500 | _aPremio "Puente Colgante"1973. | ||
| 852 |
_aES-MaACL _jC-55949 _bR.88549 |
||
| 999 |
_c102025 _d102025 |
||